| 000 | 01223nam a22003617a 4500 | ||
|---|---|---|---|
| 003 | CHAP | ||
| 005 | 20220329133104.0 | ||
| 008 | 971013s1990 r 00010 d | ||
| 010 | _a2001 | ||
| 011 | _a2973 | ||
| 035 | _a2173 | ||
| 040 | _cCHAP | ||
| 090 | _aTesis | ||
| 100 | 0 | 0 |
_aUribe Canaleas, José de Jesús. _9116919 |
| 245 | _aCaracterización de procesos productivos en cultivos hortofrutícolas de la parte norte del estado de Morelos | ||
| 260 |
_aChapingo, Méx. : _bEl autor, _c1990 |
||
| 300 | _a147 h | ||
| 500 | _aD44-31 | ||
| 502 | _aTesis (Ing. Agr. Esp. en Zonas Aridas) -- UACH. Departamento de Zonas Aridas | ||
| 590 |
_aALEPH _b10 _c20130110 _lUCH01 _h1211 |
||
| 590 |
_aBATCH-UPD _b10 _c20130110 _lUCH01 _h1954 |
||
| 590 |
_aBATCH-UPD _b10 _c20130410 _lUCH01 _h1316 |
||
| 590 |
_aBATCH-UPD _b10 _c20130914 _lUCH01 _h1116 |
||
| 590 |
_aCONVERSION _b10 _c20130109 _lUCH01 _h1302 |
||
| 650 | 1 | 4 |
_aCultivos _xRendimiento. _930318 |
| 650 | 1 | 4 |
_aCultivos _zMorelos. _930365 |
| 650 | 1 | 4 |
_aFruticultura _xMorelos. _943739 |
| 650 | 1 | 4 |
_aHorticultura _xMorelos. _956360 |
| 901 | _aBK | ||
| 942 | _cFOLL | ||
| 949 |
_bBC _cTES _d-11671 _eTS1 _h24013 _i2173 _si |
||
| 949 |
_bBC _cTES _d-71440 _eTS2 _fc.2 _h24014 _i2173 _si |
||
| 999 |
_c2001 _d2001 |
||